000 00411cam a2200169ua 4500
020 _c4.50
041 _amal
_h
082 _a894.812308
_bNAI/RA
100 _aNair, P S .
245 _aRagavallery /
_cP S Nair.
_hTextual Documents
260 _aQuilon :
_bSree Rama Vilasam Press & Book Depot ,
_c1967.
300 _a196 ; .
365 _a4.50
504 _a
942 _cBK
999 _c11824
_d11824